[Event "36th Reykjavik op"]
[Site "Reykjavik ISL"]
[Date "2023.03.30"]
[Round "2.21"]
[White "Korley, Kassa"]
[Black "Jacobsen, Mikkel Manosri"]
[WhiteElo "2468"]
[BlackElo "2283"]
[Result "1-0"]
[EventDate "2023.03.29"]
[PlyCount "109"]

1. Nf3 d5 2. g3 c6 3. Bg2 Bg4 4. O-O Nd7 5. h3 Bh5 6. d3 Ngf6 7. c4 Bxf3 8. Bxf3
dxc4 9. d4 e5 10. Nd2 exd4 11. Nxc4 Bc5 12. b4 Bxb4 13. Rb1 a5 14. a3 Be7 15. Rxb7
O-O 16. Qxd4 Nc5 17. Qxd8 Bxd8 18. Rb1 Nd5 19. Bd2 a4 20. e4 Nc7 21. Be3 N7e6 22.
e5 Bg5 23. Bxc5 Nxc5 24. Bxc6 Rac8 25. Bd5 Be7 26. Nd6 Bxd6 27. exd6 Rfd8 28. Rfc1
Kf8 29. Rb5 Ne6 30. Rxc8 Rxc8 31. Ra5 Rd8 32. Ra6 Nd4 33. Rxa4 Nb5 34. Ra5 Nxd6 35.
a4 Ke7 36. Ra7+ Kf6 37. a5 Nb5 38. Ra6+ Ke7 39. Bc4 Rd1+ 40. Kg2 Nd6 41. Ra7+ Kf6
42. Rd7 Ke5 43. Bxf7 Ra1 44. f4+ Kf6 45. Rxd6+ Kxf7 46. a6 Ra3 47. Rd7+ Kf6 48. a7
h5 49. g4 h4 50. f5 g6 51. fxg6 Kxg6 52. Kf2 Kf6 53. Ke2 Ke5 54. Rf7 Kd4 55. g5  1-0

[Event "36th Reykjavik op"]
[Site "Reykjavik ISL"]
[Date "2023.03.30"]
[Round "2.22"]
[White "Salles, Louis"]
[Black "Richter, Michael"]
[WhiteElo "2287"]
[BlackElo "2466"]
[Result "1/2-1/2"]
[EventDate "2023.03.29"]
[PlyCount "53"]

1. e4 c5 2. Nf3 Nc6 3. d4 cxd4 4. Nxd4 Nf6 5. Nc3 e5 6. Ndb5 d6 7. Bg5 a6 8. Na3
b5 9. Nd5 Be7 10. Bxf6 Bxf6 11. c4 b4 12. Nc2 O-O 13. g3 a5 14. h4 Be6 15. Bg2 a4
16. O-O Rb8 17. b3 Bxd5 18. cxd5 Nd4 19. Nxd4 exd4 20. Rc1 axb3 21. axb3 Rc8 22.
Rc6 Rxc6 23. dxc6 Qb6 24. Qc2 Rc8 25. Rc1 d3 26. Qxd3 Rxc6 27. Rxc6  1/2-1/2

[Event "36th Reykjavik op"]
[Site "Reykjavik ISL"]
[Date "2023.03.30"]
[Round "2.23"]
[White "Dishman, Stephen"]
[Black "Stefansson, Vignir Vatnar"]
[WhiteElo "2274"]
[BlackElo "2461"]
[Result "1/2-1/2"]
[EventDate "2023.03.29"]
[PlyCount "88"]

1. Nf3 f5 2. d3 Nc6 3. d4 d5 4. Bf4 e6 5. e3 Nf6 6. c4 Be7 7. Nc3 O-O 8. Bd3 Ne4
9. h4 Nb4 10. Be2 dxc4 11. Bxc4 Nd5 12. Rc1 c6 13. Be5 Bb4 14. Qb3 a5 15. O-O b5
16. Bxd5 exd5 17. Ne2 Bd7 18. Nf4 Be7 19. g3 a4 20. Qd3 Qe8 21. Rc2 g6 22. Kg2 Rc8
23. Rfc1 Qf7 24. Qe2 h6 25. Nd3 Qe8 26. Rh1 Rf7 27. Bf4 Rh7 28. Rcc1 Qf8 29. Be5
Ra8 30. Nf4 Qe8 31. Nd3 Ra7 32. Bf4 Qa8 33. Be5 Qf8 34. Nf4 Qe8 35. Nd3 Qa8 36. Bf4
Be8 37. Be5 Bd8 38. Nd2 Qc8 39. a3 Qe6 40. Nf4 Qd7 41. Nd3 Qe6 42. Nf4 Qe7 43. Nd3
Nd6 44. Bxd6 Qxd6  1/2-1/2

[Event "36th Reykjavik op"]
[Site "Reykjavik ISL"]
[Date "2023.03.30"]
[Round "2.24"]
[White "Panchanathan, Magesh Chandran"]
[Black "Sahithi, Varshini M"]
[WhiteElo "2460"]
[BlackElo "2262"]
[Result "1-0"]
[EventDate "2023.03.29"]
[PlyCount "85"]

1. c4 e5 2. Nc3 Nf6 3. Nf3 Nc6 4. a3 d5 5. cxd5 Nxd5 6. Qc2 f5 7. e4 Nf6 8. Bb5 Bd7
9. O-O Bd6 10. exf5 Nd4 11. Nxd4 exd4 12. Bxd7+ Qxd7 13. Ne4 O-O-O 14. Nxd6+ Qxd6
15. Qd3 h5 16. b4 h4 17. Qh3 Qc6 18. d3 Rh5 19. Bf4 Qd7 20. Rac1 c6 21. b5 Nd5 22.
bxc6 bxc6 23. Bd2 Rf8 24. g4 Rhh8 25. Rfe1 g6 26. fxg6 Rhg8 27. Qxh4 Rxg6 28. g5
Nc3 29. Qg3 Rg7 30. Bxc3 dxc3 31. Rxc3 Rgf7 32. Rec1 Rf4 33. Rxc6+ Kd8 34. Rc8+ Qxc8
35. Rxc8+ Kxc8 36. g6 R4f6 37. h4 Kd7 38. h5 Rg8 39. Qe5 Rfxg6+ 40. hxg6 Rxg6+ 41.
Kf1 Re6 42. Qxe6+ Kxe6 43. Ke2  1-0

[Event "36th Reykjavik op"]
[Site "Reykjavik ISL"]
[Date "2023.03.30"]
[Round "2.25"]
[White "Heurtebize, Olivier"]
[Black "Knaak, Rainer"]
[WhiteElo "2269"]
[BlackElo "2455"]
[Result "1/2-1/2"]
[EventDate "2023.03.29"]
[PlyCount "79"]

1. Nf3 d5 2. g3 Bg4 3. Bg2 Nf6 4. d4 e6 5. O-O Be7 6. c4 c6 7. Qb3 Qb6 8. Nc3 Nbd7
9. Nd2 O-O 10. e4 Qxd4 11. Qxb7 dxc4 12. Qxc6 Ne5 13. Qc7 Nfd7 14. h3 Bh5 15. g4
Bg6 16. Nf3 Nxf3+ 17. Bxf3 Bd6 18. Qa5 Qe5 19. Qxe5 Bxe5 20. Bg2 f6 21. Be3 Rfc8
22. f4 Bxc3 23. bxc3 e5 24. Rad1 Nc5 25. Rd5 Nd3 26. g5 Rcb8 27. gxf6 gxf6 28. Rd6
Rf8 29. f5 Bh5 30. Bh6 Rf7 31. Rb1 Be2 32. Rc6 Nf4 33. Bf1 Bd3 34. Rb2 Bxe4 35. Rxc4
Bxf5 36. Rxf4 exf4 37. Bc4 Bg6 38. Bxf4 Rc8 39. Bxf7+ Bxf7 40. Rb8  1/2-1/2

[Event "36th Reykjavik op"]
[Site "Reykjavik ISL"]
[Date "2023.03.30"]
[Round "2.26"]
[White "Loiseau, Quentin"]
[Black "Lindh, Fredrik"]
[WhiteElo "2449"]
[BlackElo "2259"]
[Result "1-0"]
[EventDate "2023.03.29"]
[PlyCount "93"]

1. d4 Nf6 2. c4 g6 3. f3 d5 4. cxd5 Nxd5 5. e4 Nb6 6. Nc3 Bg7 7. Be3 O-O 8. h4 Nc6
9. e5 Nb4 10. h5 N6d5 11. Nxd5 Nxd5 12. Bd2 c5 13. f4 cxd4 14. Bd3 Ne3 15. Qe2 Bg4
16. Nf3 Qd5 17. h6 Bh8 18. Bxe3 dxe3 19. Qxe3 Rfd8 20. Be4 Qa5+ 21. Kf2 Bxf3 22.
Kxf3 Qb5 23. Rhd1 Qxb2 24. Rdb1 Qd2 25. Qxd2 Rxd2 26. Rd1 Rxd1 27. Rxd1 e6 28. Rd7
f6 29. exf6 Bxf6 30. Rxb7 a5 31. g4 Rf8 32. Rb5 Bc3 33. Ke3 Rd8 34. Bd3 Bd4+ 35.
Ke4 Bc3 36. Rc5 Bb4 37. Rc6 Bd6 38. Bc4 Kf7 39. f5 gxf5+ 40. gxf5 Ke7 41. Bxe6 Rb8
42. Ra6 Rb4+ 43. Kd5 Rb5+ 44. Kc6 Rc5+ 45. Kb6 Kf6 46. Ra7 Rc2 47. Rxh7  1-0

[Event "36th Reykjavik op"]
[Site "Reykjavik ISL"]
[Date "2023.03.30"]
[Round "2.27"]
[White "Nilsen, Tobias Lang"]
[Black "Rakotomaharo, Fy Antenaina"]
[WhiteElo "2265"]
[BlackElo "2448"]
[Result "0-1"]
[EventDate "2023.03.29"]
[PlyCount "74"]

1. e4 e5 2. Nf3 Nc6 3. Bc4 Bc5 4. c3 Nf6 5. d3 d6 6. O-O a6 7. a4 Ba7 8. Re1 O-O
9. h3 Be6 10. Bxe6 fxe6 11. b4 Nh5 12. Ra2 Qf6 13. Be3 h6 14. Bxa7 Rxa7 15. Re3 Nf4
16. Kh2 d5 17. exd5 exd5 18. d4 e4 19. Ne1 Ne7 20. g3 Ne6 21. Ng2 a5 22. b5 c6 23.
Qg4 cxb5 24. axb5 b6 25. Ree2 g6 26. Qh4 Ng5 27. Qf4 Qe6 28. Qg4 Rf5 29. Nf4 Qf7
30. Re3 h5 31. Qd1 Rxf4 32. gxf4 Qxf4+ 33. Kh1 Nf5 34. Qe2 Nf3 35. Rxf3 exf3 36.
Qe6+ Kh7 37. Nd2 Re7  0-1

[Event "36th Reykjavik op"]
[Site "Reykjavik ISL"]
[Date "2023.03.30"]
[Round "2.28"]
[White "Mardov, Dimitar"]
[Black "Hommer, Jeremy"]
[WhiteElo "2445"]
[BlackElo "2251"]
[Result "1/2-1/2"]
[EventDate "2023.03.29"]
[PlyCount "228"]

1. d4 Nf6 2. Nf3 e6 3. c4 b6 4. g3 Bb7 5. Bg2 Be7 6. O-O O-O 7. Nc3 Ne4 8. Bd2 f5
9. Qc2 Nxd2 10. Qxd2 d6 11. Qe3 Qc8 12. Rfd1 Bf6 13. Rac1 Re8 14. Qd3 Nd7 15. e4
g6 16. Re1 a5 17. Re2 Nf8 18. Rce1 Qd7 19. e5 Bg7 20. d5 Rad8 21. exd6 Qxd6 22. Qc2
Ba6 23. dxe6 Rxe6 24. Ng5 Rxe2 25. Qxe2 c6 26. Rd1 Qf6 27. Rxd8 Qxd8 28. h4 h6 29.
Nh3 Qd4 30. Bxc6 Bxc4 31. Qf3 Qc5 32. Bd5+ Bxd5 33. Nxd5 Qc1+ 34. Kg2 Qxb2 35. Ne7+
Kf7 36. Qb7 Qd4 37. Nc6+ Qd7 38. Qxb6 Ne6 39. Nxa5 Bd4 40. Qb3 Kf6 41. Qf3 Qa7 42.
Qd5 Qc5 43. Qa8 Qa7 44. Qxa7 Bxa7 45. Nc6 Bc5 46. Nf4 Nc7 47. a4 g5 48. Nd3 Bd6 49.
h5 g4 50. Nd4 Kg5 51. a5 Na6 52. Kf1 Kxh5 53. Nxf5 Bc7 54. Ne3 Bxa5 55. Ne5 Kg5 56.
N5xg4 Bc7 57. Kg2 Nc5 58. Nh2 Nd3 59. Nf3+ Kg6 60. Nh4+ Kf7 61. Nd5 Bb8 62. Nf5 h5
63. f4 Ke6 64. Nfe3 Kf7 65. Kf3 Nc5 66. Nf5 Ne6 67. Ke4 Nc5+ 68. Kf3 Ne6 69. Kg2
Kg6 70. Nfe7+ Kf7 71. Nc6 h4 72. Nxb8 hxg3 73. f5 Ng7 74. f6 Nh5 75. Nd7 Nxf6 76.
N7xf6 Ke6 77. Kxg3 Ke5 78. Kg4 Ke6 79. Kf4 Kd6 80. Kf5 Kc5 81. Ke5 Kc4 82. Ne4 Kd3
83. Nd6 Kc2 84. Kd4 Kb3 85. Kd3 Kb2 86. Ne4 Kb3 87. Nc5+ Kb2 88. Kd2 Ka3 89. Kc2
Ka2 90. Nb6 Ka3 91. Na6 Ka2 92. Nc4 Ka1 93. Nc5 Ka2 94. Ne4 Ka1 95. Kc1 Ka2 96. Ned2
Ka1 97. Nb1 Ka2 98. Ncd2 Ka1 99. Kc2 Ka2 100. Nc3+ Ka3 101. Kd3 Kb4 102. Kd4 Ka5
103. Kc5 Ka6 104. Nd5 Kb7 105. Nc4 Kc8 106. Kd6 Kd8 107. Nc7 Kc8 108. Na5 Kd8 109.
Nb7+ Kc8 110. Kc6 Kb8 111. Nd6 Ka7 112. Nc8+ Kb8 113. Nb6 Ka7 114. Na6 Kxa6  1/2-1/2

[Event "36th Reykjavik op"]
[Site "Reykjavik ISL"]
[Date "2023.03.30"]
[Round "2.29"]
[White "Melaa, Sondre"]
[Black "Dhulipalla, Bala Chandra Prasad"]
[WhiteElo "2243"]
[BlackElo "2441"]
[Result "0-1"]
[EventDate "2023.03.29"]
[PlyCount "58"]

1. d4 d5 2. Bf4 Nf6 3. e3 c5 4. Nf3 Nc6 5. Nbd2 e6 6. c3 cxd4 7. exd4 Nh5 8. Be3
Bd6 9. Bd3 Nf4 10. Bxf4 Bxf4 11. g3 Bd6 12. O-O O-O 13. Re1 Bd7 14. Rc1 Kh8 15. a3
Rc8 16. c4 Qf6 17. c5 Bb8 18. Bb5 Qd8 19. b4 f6 20. Qb3 g5 21. Qd3 Qe8 22. Nf1 Nxb4
23. axb4 Bxb5 24. Qe3 Qh5 25. Kg2 Rce8 26. h3 Qg6 27. N1d2 a6 28. Nb3 Bf4 29. Nh4
Qg7  0-1

[Event "36th Reykjavik op"]
[Site "Reykjavik ISL"]
[Date "2023.03.30"]
[Round "2.30"]
[White "Wadsworth, Matthew"]
[Black "Cieslak, Patryk"]
[WhiteElo "2439"]
[BlackElo "2207"]
[Result "0-1"]
[EventDate "2023.03.29"]
[PlyCount "90"]

1. c4 c5 2. Nf3 Nc6 3. Nc3 g6 4. e3 Bg7 5. d4 d6 6. Be2 Nf6 7. d5 Na5 8. h3 a6 9.
e4 e5 10. g4 h6 11. Be3 Bd7 12. Nd2 Qc7 13. a3 b6 14. b4 Nb7 15. Nb3 Ng8 16. h4 Ne7
17. Rb1 a5 18. bxc5 dxc5 19. Nd2 Nd6 20. Qb3 Ra6 21. f4 f5 22. gxf5 gxf5 23. Rg1
Bf6 24. fxe5 Bxe5 25. Nb5 Qb8 26. exf5 a4 27. Qc2 Nexf5 28. Bf2 Bxb5 29. cxb5 Ra7
30. Nc4 Re7 31. Nxd6+ Nxd6 32. h5 Ne4 33. Rg4 Bc3+ 34. Kf1 Qh2 35. Qxe4 Rxe4 36.
Rxe4+ Kd8 37. Rh4 Qe5 38. Rxa4 Qf5 39. Ra8+ Kd7 40. Ra7+ Kc8 41. Ra8+ Kb7 42. Rxh8
Qxb1+ 43. Kg2 Bxh8 44. d6 Qf5 45. Bf3+ Kc8  0-1

[Event "36th Reykjavik op"]
[Site "Reykjavik ISL"]
[Date "2023.03.30"]
[Round "2.31"]
[White "Nielsen, Andre"]
[Black "Kjartansson, Gudmundur"]
[WhiteElo "2201"]
[BlackElo "2402"]
[Result "1-0"]
[EventDate "2023.03.29"]
[PlyCount "79"]

1. e4 e5 2. Nf3 Nc6 3. Bc4 Nf6 4. d3 Bc5 5. c3 d6 6. Nbd2 a6 7. Nf1 b5 8. Bb3 d5
9. exd5 Nxd5 10. Ng3 O-O 11. O-O Ba7 12. Re1 f6 13. Be3 Bxe3 14. fxe3 Kh8 15. d4
Nde7 16. dxe5 Nxe5 17. Nxe5 fxe5 18. Qxd8 Rxd8 19. Ne4 h6 20. Nc5 a5 21. h3 a4 22.
Bc2 Rb8 23. Rad1 Rd6 24. g4 h5 25. Ne4 Rd5 26. Ng5 hxg4 27. Be4 Rxd1 28. Rxd1 Bf5
29. hxg4 Bxg4 30. Rf1 Bh5 31. Kg2 Rd8 32. Kg3 Kg8 33. Bh7+ Kh8 34. Rh1 Rd2 35. Rxh5
g6 36. Bxg6+ Kg7 37. Be4 Rxb2 38. Rh7+ Kf6 39. Kg4 Nf5 40. Rf7+  1-0

[Event "36th Reykjavik op"]
[Site "Reykjavik ISL"]
[Date "2023.03.30"]
[Round "2.32"]
[White "Jones, Craig"]
[Black "Ladopoulos, Dimitrios"]
[WhiteElo "2075"]
[BlackElo "2391"]
[Result "0-1"]
[EventDate "2023.03.29"]
[PlyCount "120"]

1. Nf3 d5 2. g3 c5 3. Bg2 Nc6 4. d4 Nf6 5. O-O cxd4 6. Nxd4 Qb6 7. Nb3 Bf5 8. a4
Rd8 9. a5 Qc7 10. a6 Nb4 11. axb7 Bxc2 12. Qe1 e6 13. Bd2 Qxb7 14. Na5 Qb6 15. Be3
d4 16. Bf4 Nbd5 17. Nd2 Nxf4 18. gxf4 d3 19. Bc6+ Nd7 20. Ndc4 Qb4 21. exd3 Qxe1
22. Rfxe1 Ke7 23. d4 Nb8 24. Ne3 Bg6 25. Bf3 Kf6 26. Ng4+ Kf5 27. Re4 h5 28. Ne3+
Kf6 29. Re5 Rxd4 30. Nac4 Rxf4 31. Kg2 Bd3 32. Rb5 Nd7 33. Rxa7 Bc5 34. Rxd7 Bxe3
35. Rxd3 Bxf2 36. Kxf2 Rxc4 37. Rc3 Rd4 38. Ke3 Rh4 39. Rc2 g5 40. Rf2 Kg6 41. Rb6
Rh3 42. Kd4 g4 43. Be4+ Kg5 44. Rxf7 Rxh2 45. b4 Rd8+ 46. Ke5 Re2 47. b5 Rd5+ 48.
Kxe6 Rd4 49. Rf5+ Kh4 50. Rc6 Rexe4+ 51. Kf6 Rf4 52. Rcc5 Rxf5+ 53. Kxf5 g3 54. Rc1
g2 55. Rb1 Rd5+ 56. Kf4 Rxb5 57. Ra1 Ra5 58. Rb1 Kh3 59. Kf3 Rf5+ 60. Ke2 Kh2  0-1

[Event "36th Reykjavik op"]
[Site "Reykjavik ISL"]
[Date "2023.03.30"]
[Round "2.33"]
[White "Sukandar, Irine Kharisma"]
[Black "Lohia, Sohum"]
[WhiteElo "2389"]
[BlackElo "2081"]
[Result "1-0"]
[EventDate "2023.03.29"]
[PlyCount "55"]

1. c4 Nf6 2. Nc3 e6 3. e4 d5 4. cxd5 exd5 5. e5 d4 6. exf6 dxc3 7. Bb5+ Nc6 8. Qe2+
Be6 9. dxc3 Qxf6 10. Nf3 Bc5 11. Bg5 Qg6 12. Bd3 Qh5 13. h3 Be7 14. Qe3 O-O 15. O-O-O
Bxg5 16. Nxg5 Bxa2 17. Bxh7+ Kh8 18. Bc2 Na5 19. b4 Nc4 20. Qf4 a5 21. b5 Nd6 22.
Rhe1 Rae8 23. b6 Rxe1 24. Rxe1 cxb6 25. Kb2 Nb5 26. Kxa2 Nxc3+ 27. Kb2 Nd5 28. Qd6
 1-0

[Event "36th Reykjavik op"]
[Site "Reykjavik ISL"]
[Date "2023.03.30"]
[Round "2.34"]
[White "Manukonda, Arun"]
[Black "Karacsonyi, Gellert"]
[WhiteElo "2061"]
[BlackElo "2385"]
[Result "0-1"]
[EventDate "2023.03.29"]
[PlyCount "78"]

1. d4 d5 2. c4 e6 3. Nc3 h6 4. e3 Nf6 5. Nf3 Bd6 6. Bd3 O-O 7. O-O a6 8. c5 Be7 9.
Ne5 b6 10. cxb6 cxb6 11. Bd2 Bb7 12. f4 Ne4 13. f5 exf5 14. Rxf5 Nd6 15. Qh5 Bg5
16. Rf3 Nc6 17. Nxc6 Bxc6 18. Raf1 Ra7 19. Be1 Ne4 20. Bxe4 dxe4 21. Rg3 b5 22. Qg4
g6 23. Qd1 Bd5 24. Nxd5 Qxd5 25. Qb3 Qxb3 26. axb3 Rc8 27. Bc3 Kh7 28. Rxg5 hxg5
29. b4 f5 30. Rd1 Rc4 31. g3 Kg8 32. Kf2 Kf7 33. Ke2 Ke6 34. d5+ Kd6 35. Bd4 Rh7
36. Bc5+ Kd7 37. h4 Rc2+ 38. Kf1 gxh4 39. Ra1 hxg3  0-1

[Event "36th Reykjavik op"]
[Site "Reykjavik ISL"]
[Date "2023.03.30"]
[Round "2.35"]
[White "Ajay Krishna, S"]
[Black "Laddha, Yash Jayesh"]
[WhiteElo "2382"]
[BlackElo "2067"]
[Result "1-0"]
[EventDate "2023.03.29"]
[PlyCount "61"]

1. d4 Nf6 2. Nf3 d5 3. c3 e6 4. Bf4 c5 5. e3 Nc6 6. Nbd2 Bd6 7. Bg3 O-O 8. Bd3 b6
9. e4 Be7 10. e5 Nh5 11. Ng5 Bxg5 12. Qxh5 g6 13. Qe2 h5 14. Nf3 cxd4 15. Bb5 Bd7
16. Bxc6 Bxc6 17. Nxd4 Bd7 18. f4 Bh6 19. O-O a6 20. Be1 b5 21. g4 hxg4 22. Qxg4
Qe8 23. Qh4 Kg7 24. Rf3 Qd8 25. Qh3 f6 26. Bh4 g5 27. exf6+ Qxf6 28. fxg5 Qg6 29.
Rg3 Kh8 30. gxh6 Qxh6 31. Be7  1-0

[Event "36th Reykjavik op"]
[Site "Reykjavik ISL"]
[Date "2023.03.30"]
[Round "2.36"]
[White "Zhou, Lepu Coco"]
[Black "Kushko, Dmitriy"]
[WhiteElo "2034"]
[BlackElo "2379"]
[Result "0-1"]
[EventDate "2023.03.29"]
[PlyCount "68"]

1. e4 Nf6 2. e5 Nd5 3. c4 Nb6 4. d4 d6 5. exd6 cxd6 6. Nc3 g6 7. Be3 Bg7 8. Rc1 O-O
9. b3 e5 10. dxe5 dxe5 11. Bc5 Nc6 12. Bxf8 Qxf8 13. Nf3 e4 14. Nd2 Bf5 15. g4 Be6
16. Ncxe4 f5 17. gxf5 gxf5 18. Ng3 Rd8 19. Nh5 Bh6 20. Rg1+ Kh8 21. Rc2 Nd4 22. f4
Bf7 23. Rc3 Qe8+ 24. Kf2 Bxh5 25. Qa1 Bxf4 26. Nf3 Nxf3 27. Rxf3+ Be5 28. Qb1 Bd4+
29. Kg3 Qg6+ 30. Kh3 Bg4+ 31. Kh4 Qh6+ 32. Kg3 Be5+ 33. Kf2 Qd2+ 34. Be2 Bxf3  0-1

[Event "36th Reykjavik op"]
[Site "Reykjavik ISL"]
[Date "2023.03.30"]
[Round "2.37"]
[White "Brunier, Jules"]
[Black "Sidhant, Mohapatra"]
[WhiteElo "2015"]
[BlackElo "2376"]
[Result "0-1"]
[EventDate "2023.03.29"]
[PlyCount "66"]

1. e4 c5 2. Nf3 d6 3. d4 cxd4 4. Nxd4 Nf6 5. Nc3 a6 6. Be2 e5 7. Nb3 Be7 8. O-O O-O
9. Kh1 Nc6 10. f4 Re8 11. f5 b5 12. a3 Bb7 13. Qe1 Nd4 14. Bd3 Nxb3 15. cxb3 d5 16.
exd5 Nxd5 17. Be4 Rb8 18. Bd2 Nf6 19. Bxb7 Rxb7 20. Bg5 h6 21. Rd1 Rd7 22. Rxd7 Qxd7
23. Bxf6 Bxf6 24. Qe2 Rd8 25. Ne4 Qc6 26. b4 Rd4 27. Nc5 Qd5 28. Nxa6 Rd2 29. Nc7
Qd7 30. Qe1 Rc2 31. Nxb5 Qxb5 32. Rf2 Bh4 33. g3 Qc6+  0-1

[Event "36th Reykjavik op"]
[Site "Reykjavik ISL"]
[Date "2023.03.30"]
[Round "2.38"]
[White "Hjartarson, Johann"]
[Black "Kakulidis, Ellen"]
[WhiteElo "2478"]
[BlackElo "2046"]
[Result "1-0"]
[EventDate "2023.03.29"]
[PlyCount "91"]

1. c4 e6 2. Nc3 d5 3. d4 Be7 4. Nf3 Nf6 5. Bg5 Nbd7 6. cxd5 Nxd5 7. Bxe7 Qxe7 8.
e3 O-O 9. Bd3 Nb4 10. Bb1 c5 11. O-O cxd4 12. exd4 Nf6 13. Re1 Nbd5 14. Qd3 g6 15.
a3 b6 16. Nxd5 Nxd5 17. Ne5 Bb7 18. Qg3 Qd6 19. Be4 f6 20. Nd3 Qxg3 21. hxg3 Kf7
22. Rad1 Rac8 23. f4 Rfd8 24. g4 Rc4 25. Nf2 Bc8 26. Bd3 Rc7 27. g3 Ne7 28. Ne4 Rcd7
29. Bb1 Rxd4 30. Rxd4 Rxd4 31. Ba2 Bb7 32. Nxf6 Bd5 33. Bxd5 exd5 34. Nxh7 Rd3 35.
Ng5+ Kf8 36. Kf2 Rd2+ 37. Re2 Rd1 38. Nf3 d4 39. Rd2 Rxd2+ 40. Nxd2 Kf7 41. Nf3 Nc6
42. Ke2 Ke6 43. Kd3 Kd5 44. g5 b5 45. g4 a5 46. f5  1-0

[Event "36th Reykjavik op"]
[Site "Reykjavik ISL"]
[Date "2023.03.30"]
[Round "2.39"]
[White "Cramling Bellon, Anna"]
[Black "Hasala, Richard"]
[WhiteElo "2066"]
[BlackElo "1750"]
[Result "1-0"]
[EventDate "2023.03.29"]
[PlyCount "51"]

1. d4 Nf6 2. c4 e6 3. Nf3 b6 4. Nc3 Bb7 5. a3 d5 6. Bg5 Be7 7. e3 O-O 8. Bd3 dxc4
9. Bxc4 h6 10. Bh4 Nbd7 11. O-O Ne4 12. Bxe7 Qxe7 13. Nxe4 Bxe4 14. Nd2 Bb7 15. Qe2
a5 16. e4 c5 17. dxc5 Nxc5 18. b4 axb4 19. axb4 Nd7 20. Bb5 Nf6 21. Rxa8 Rxa8 22.
Rb1 Ra2 23. Qd3 Qc7 24. f3 Bc8 25. Qc4 Qd8 26. Qxa2  1-0

[Event "36th Reykjavik op"]
[Site "Reykjavik ISL"]
[Date "2023.03.30"]
[Round "2.42"]
[White "Garbuz, Vitaliy"]
[Black "Shyaamnikhil, P."]
[WhiteElo "2155"]
[BlackElo "2477"]
[Result "0-1"]
[EventDate "2023.03.29"]
[PlyCount "120"]

1. e4 c5 2. d4 cxd4 3. c3 d3 4. Bxd3 Nc6 5. c4 g6 6. Nf3 Bg7 7. O-O Nf6 8. Nc3 O-O
9. h3 d6 10. Be3 b6 11. Rc1 Bb7 12. Qd2 Rc8 13. Nd5 Ne8 14. b4 e6 15. Nf4 Nc7 16.
Bb1 Qe7 17. Ne2 Rfd8 18. Nfd4 Ne8 19. Nxc6 Bxc6 20. Nd4 Ba8 21. Rfe1 Nf6 22. Bg5
Qf8 23. f3 Rd7 24. a3 Nh5 25. Ne2 Nf6 26. Bd3 Ne8 27. Qe3 Bb2 28. Rb1 Bf6 29. Bxf6
Nxf6 30. Red1 Qd8 31. Nd4 Nh5 32. g4 Ng7 33. Bf1 e5 34. Nb5 Ne6 35. Rd2 Bc6 36. Nc3
Qh4 37. Kh2 h5 38. Rbd1 Rcd8 39. Ne2 b5 40. Nc3 bxc4 41. Bxc4 Nf4 42. Bf1 Qg5 43.
Re1 Rc7 44. gxh5 Qxh5 45. Ne2 Ne6 46. Red1 Ba4 47. Re1 Qh4 48. Ng3 Nf4 49. Nh1 Rdc8
50. Qf2 Qe7 51. Ba6 Rb8 52. Qe3 Rb6 53. b5 Bxb5 54. Bxb5 Rxb5 55. Red1 Rbc5 56. Rxd6
Qh4 57. Nf2 Rc3 58. R6d3 Rxd3 59. Rxd3 Nxd3 60. Nxd3 Rc2+  0-1

[Event "36th Reykjavik op"]
[Site "Reykjavik ISL"]
[Date "2023.03.30"]
[Round "2.43"]
[White "Belenkaya, Dina"]
[Black "Ioannidis, Evgenios"]
[WhiteElo "2300"]
[BlackElo "2473"]
[Result "0-1"]
[EventDate "2023.03.29"]
[PlyCount "104"]

1. e4 c5 2. Nf3 Nc6 3. Bb5 g6 4. O-O Bg7 5. c3 Nf6 6. Re1 O-O 7. d4 d5 8. e5 Ne4
9. Nbd2 cxd4 10. cxd4 Qb6 11. Bxc6 Qxc6 12. Nxe4 dxe4 13. d5 Qc4 14. Qd4 Qxd4 15.
Nxd4 Bxe5 16. Rxe4 Bf6 17. g4 Rd8 18. g5 Bg7 19. Be3 Kf8 20. Nb5 Bf5 21. Rh4 Bxb2
22. Re1 Kg8 23. Bf4 Rd7 24. d6 e6 25. Bg3 a6 26. Rb4 Bg7 27. Nc7 Bc3 28. Rc4 Bxe1
29. Nxa8 Ba5 30. Be5 Rd8 31. Nc7 f6 32. gxf6 Kf7 33. Ra4 Bd2 34. h4 g5 35. hxg5 Bxg5
36. Rb4 Bxf6 37. f4 Bh4 38. Kg2 Be1 39. Rb3 Bc2 40. Rb2 Be4+ 41. Kf1 Bh4 42. Ke2
Rg8 43. Ke3 Bg2 44. Kd4 h5 45. f5 Rg4+ 46. Kc5 exf5 47. Nd5 Ke6 48. Nf4+ Kxe5 49.
Nxg2 Bg5 50. Re2 Re4 51. Rb2 h4 52. Nxh4 Be3#  0-1

[Event "36th Reykjavik op"]
[Site "Reykjavik ISL"]
[Date "2023.03.30"]
[Round "2.44"]
[White "Williams, Simon"]
[Black "Rakhmangulova, Anastasiya"]
[WhiteElo "2461"]
[BlackElo "2266"]
[Result "1-0"]
[EventDate "2023.03.29"]
[PlyCount "39"]

1. d4 d5 2. c4 c6 3. cxd5 cxd5 4. Nc3 Nf6 5. f3 e6 6. e4 dxe4 7. fxe4 Nc6 8. Nf3
Bb4 9. Bd3 Ba5 10. e5 Nd5 11. O-O Nxc3 12. bxc3 Bxc3 13. Rb1 h6 14. Ba3 a5 15. Qa4
Bd7 16. Rxb7 Nxd4 17. Nxd4 Bxa4 18. Nxe6 Qh4 19. Rfxf7 Bb4 20. Rf8+  1-0

[Event "36th Reykjavik op"]
[Site "Reykjavik ISL"]
[Date "2023.03.30"]
[Round "2.45"]
[White "Loncke, Matthieu"]
[Black "Yankelevich, Lev"]
[WhiteElo "2108"]
[BlackElo "2459"]
[Result "0-1"]
[EventDate "2023.03.29"]
[PlyCount "58"]

1. d4 Nf6 2. c4 e6 3. Nc3 Bb4 4. f3 d5 5. a3 Bd6 6. Bg5 h6 7. Bh4 Be7 8. e3 O-O 9.
cxd5 Nxd5 10. Bf2 c5 11. Nge2 Nc6 12. e4 Nxc3 13. bxc3 cxd4 14. Nxd4 Qa5 15. Qd2
Bg5 16. Be3 Bxe3 17. Qxe3 Nxd4 18. Qxd4 Rd8 19. Qb4 Qg5 20. Rd1 Rxd1+ 21. Kxd1 e5
22. h4 Qg3 23. Qb2 Be6 24. Qd2 Bb3+ 25. Kc1 Qg6 26. Qb2 Qb6 27. Kb1 Rd8 28. Be2 Bc2+
29. Kc1 Qe3+  0-1

[Event "36th Reykjavik op"]
[Site "Reykjavik ISL"]
[Date "2023.03.30"]
[Round "2.47"]
[White "Harish, Neeraj"]
[Black "Ramoutar, Alan-Safar"]
[WhiteElo "2127"]
[BlackElo "2425"]
[Result "1-0"]
[EventDate "2023.03.29"]
[PlyCount "135"]

1. e4 c6 2. d4 d5 3. e5 c5 4. dxc5 e6 5. Nf3 Bxc5 6. Bd3 Ne7 7. O-O Ng6 8. Re1 O-O
9. a3 Qc7 10. b4 Be7 11. Bb2 a5 12. b5 a4 13. Nbd2 Nd7 14. c4 Nc5 15. Bxg6 hxg6 16.
cxd5 exd5 17. Qe2 Bd7 18. Nd4 Qb6 19. Rac1 Ne6 20. N2f3 Bc5 21. Red1 Rac8 22. h3
Rfe8 23. Rb1 Nc7 24. Qd2 Bxb5 25. e6 f6 26. Qc2 Bxd4 27. Nxd4 Kh7 28. Nxb5 Qxb5 29.
Rd4 Nxe6 30. Rh4+ Kg8 31. Qxg6 Nf8 32. Qh5 Qd3 33. Rd1 Qe2 34. Qxd5+ Re6 35. Rd2
Qe1+ 36. Kh2 Rc5 37. Qxc5 Qxd2 38. Bc3 Qc2 39. Rc4 Qd1 40. Bb4 Re8 41. Qf5 Ne6 42.
Rg4 Nc7 43. Rh4 Qd5 44. Qh7+ Kf7 45. Rg4 Rg8 46. Qg6+ Ke6 47. Re4+ Kd7 48. Re7+ Kd8
49. Rxg7 Qe5+ 50. g3 Rxg7 51. Qxg7 Nd5 52. Qxb7 f5 53. Qa8+ Kc7 54. Qa5+ Kc8 55.
Qc5+ Kd7 56. Bc3 Qe4 57. Qd4 Qf3 58. Qxa4+ Ke7 59. Qa7+ Ke8 60. Bd2 Qe4 61. Be3 Qf3
62. Qd4 Kf7 63. a4 Nf6 64. a5 Ne4 65. a6 f4 66. gxf4 Nf6 67. a7 Kg6 68. f5+  1-0

[Event "36th Reykjavik op"]
[Site "Reykjavik ISL"]
[Date "2023.03.30"]
[Round "2.48"]
[White "Laddha, Shubh Jayesh"]
[Black "Briem, Benedikt"]
[WhiteElo "2422"]
[BlackElo "2127"]
[Result "1-0"]
[EventDate "2023.03.29"]
[PlyCount "99"]

1. e4 e6 2. d4 d5 3. Bd3 dxe4 4. Bxe4 Nf6 5. Bf3 Bd6 6. Ne2 O-O 7. O-O Nbd7 8. Nbc3
e5 9. d5 Re8 10. Ng3 Nc5 11. Re1 h6 12. h3 a5 13. a4 Nh7 14. Bg4 Bf8 15. Bxc8 Qxc8
16. Qf3 Ra6 17. Be3 Rf6 18. Qe2 Rg6 19. Qh5 Rb6 20. Rab1 g6 21. Qd1 f5 22. h4 Rb4
23. h5 g5 24. d6 cxd6 25. Bxc5 Qxc5 26. Nxf5 Nf6 27. Ne3 Rd4 28. Qf3 Bg7 29. Qxb7
Rf4 30. g3 Rb4 31. Qf3 Reb8 32. Rbd1 Rf8 33. Nf5 Rxb2 34. Ne7+ Kf7 35. Ng6 g4 36.
Qd3 Rc8 37. Nb5 Rxc2 38. Nxd6+ Kg8 39. Ne7+ Kf8 40. Qf5 Qxf2+ 41. Qxf2 Rxf2 42. Ng6+
Kg8 43. Kxf2 Rc2+ 44. Re2 Rc3 45. Nxe5 Nxh5 46. Nf5 Bf6 47. Nxg4 Kf7 48. Nd4 Kg6
49. Ne3 Ra3 50. Ndf5  1-0

[Event "36th Reykjavik op"]
[Site "Reykjavik ISL"]
[Date "2023.03.30"]
[Round "2.49"]
[White "Bjorn, Thorfinnsson"]
[Black "Johansson, Jukka"]
[WhiteElo "2369"]
[BlackElo "2106"]
[Result "1-0"]
[EventDate "2023.03.29"]
[PlyCount "43"]

1. d4 Nf6 2. c4 g6 3. Nc3 Bg7 4. Nf3 d5 5. h3 O-O 6. cxd5 Nxd5 7. e4 Nxc3 8. bxc3
c5 9. Be3 Qa5 10. Qd2 Nc6 11. Rd1 Rd8 12. Bc4 b5 13. Be2 Bb7 14. O-O a6 15. d5 Bxc3
16. Qc1 Nd4 17. Bxd4 cxd4 18. Qh6 d3 19. Ng5 Bg7 20. Qxh7+ Kf8 21. Rxd3 Rd6 22. e5
 1-0